Chile (Record no. 187899)

MARC details
000 -LEADER
campo de control de longitud fija 00872nam a2200193 i 4500
001 - NÚMERO DE CONTROL
campo de control 187899
003 - IDENTIFICADOR DE NÚMERO DE CONTROL
campo de control ES-MaACL
005 - FECHA Y HORA DE LA ÚLTIMA TRANSACCIÓN
campo de control 20230906223044.0
008 - DATOS DE LONGITUD FIJA--INFORMACIÓN GENERAL
campo de control de longitud fija 180320s1899 xxk |||| | eng d
110 0# - ENTRADA PRINCIPAL--NOMBRE DE ENTIDAD CORPORATIVA
Nombre de entidad corporativa o nombre de jurisdicción como elemento de entrada Gran Bretaña.
Unidad subordinada Foreign Office.
9 (RLIN) 4480
245 10 - MENCIÓN DEL TÍTULO
Título Chile
Resto del título : report for the year 1897 on the trade and commerce of the consular district of Valparaiso : reference to previous report, annual series nº 2025 / presented to both Houses of Parliament by command of Her Majesty, april 1899.
260 ## - PUBLICACIÓN, DISTRIBUCIÓN, ETC.
Lugar de publicación, distribución, etc. London :
Nombre del editor, distribuidor, etc. Foreing Office,
Fecha de publicación, distribución, etc. 1899.
300 ## - DESCRIPCIÓN FÍSICA
Extensión 21 p. ;
Dimensiones 25 cm.
490 1# - MENCIÓN DE SERIE
Mención de serie Diplomatic and consular reports. Annual series ;
Designación de volumen o secuencia 2232
651 #4 - PUNTO DE ACCESO ADICIONAL DE MATERIA--NOMBRE GEOGRÁFICO
Nombre geográfico Chile-
Subdivisión general Comercio exterior.
9 (RLIN) 164420
830 0# - PUNTO DE ACCESO ADICIONAL DE SERIE-TÍTULO UNIFORME
Título uniforme Diplomatic and consular reports. Annual series ;
Designación de volumen o secuencia 2232
9 (RLIN) 192842
852 ## - LOCALIZACIÓN
Ubicación ES-MaACL
Número de control de estantería T-954-F-6
Nota libre .- Legado de González del Campillo
Holdings
Estatus retirado Estado de pérdida Estado de daño No para préstamo Colección Biblioteca de origen Biblioteca actual Ubicación en estantería Fecha de adquisición Fuente de adquisición Total de préstamos Signatura topográfica completa Código de barras Visto por última vez Precio de reemplazo Tipo de ítem Koha
        Colección de folletos Biblioteca del Ateneo de Madrid Biblioteca del Ateneo de Madrid Depósito folletos 20/03/2018     T-954-F-6 1198547 23/02/2023 23/02/2023 Folleto